000 00623nam a2200217Ia 4500
003 OSt
005 20250714125154.0
008 220926b |||||||| |||| 00| 0 eng d
037 _cReference
040 _aRTL
_cRTL
_beng
041 _2eng
_aeng
084 _aB281 M2/SC
_qRTL
100 _aWentzel E. S.
_9371001
245 0 _aProbability theory
260 _aMoscow
_bMir Publishers
_c1982
300 _a86 p.
_bIncludes bibliographical reference and index
650 _aProbability theory
650 _aMathematics
942 _hB281 M2/SC
_cREF
_2CC
_n0
999 _c691249
_d691249